Economic growth human welfare and environmental sustainability the prospects for green growth /

Bibliographic Details
Main Author: Ekins, Paul.
Corporate Author: ProQuest (Firm)
Format: Electronic eBook
Language:English
Published: London ; New York : Routledge, 2000.
Subjects:
Online Access:Click to View
LEADER 01238nam a2200325Ia 4500
001 EBC165349
003 MiAaPQ
005 20200520144314.0
006 m o d |
007 cr cn|||||||||
008 990419s2000 nyu sb 001 0 eng d
020 |z 0203011759 
035 |a (MiAaPQ)EBC165349 
035 |a (Au-PeEL)EBL165349 
035 |a (CaPaEBR)ebr10054192 
035 |a (CaONFJC)MIL33374 
035 |a (OCoLC)277852102 
040 |a MiAaPQ  |c MiAaPQ  |d MiAaPQ 
050 4 |a HD75.6  |b .E36 2000 
100 1 |a Ekins, Paul. 
245 1 0 |a Economic growth human welfare and environmental sustainability  |h [electronic resource] :  |b the prospects for green growth /  |c Paul Ekins. 
260 |a London ; New York :  |b Routledge,  |c 2000. 
300 |a xi, 374 p. 
504 |a Includes bibliographical references and index. 
533 |a Electronic reproduction. Ann Arbor, MI : ProQuest, 2015. Available via World Wide Web. Access may be limited to ProQuest affiliated libraries. 
650 0 |a Sustainable development. 
650 0 |a Economic development  |x Environmental aspects. 
655 4 |a Electronic books. 
710 2 |a ProQuest (Firm) 
856 4 0 |u https://ebookcentral.proquest.com/lib/matrademy/detail.action?docID=165349  |z Click to View